| 000 | 00719nmc a2200277 a 4500 | ||
|---|---|---|---|
| 003 | AR-BaBNM | ||
| 005 | 20251128203404.0 | ||
| 008 | 267019s1991 ||||||||||||||000 | spa|| | ||
| 020 | _a968-16-3142-0 | ||
| 040 | _cAR-BaBNM | ||
| 100 | 1 | _aBobbio, Norberto | |
| 245 | 1 | 0 |
_aEstado, gobierno y sociedad _bpor una teoría general de la política |
| 250 | _a1ª ed. | ||
| 260 |
_aMéxico, D.F. _bFondo de Cultura Económica _c1991 |
||
| 300 | 0 | _a243 p. | |
| 490 | 0 | _aBreviarios | |
| 650 | 4 | _aDEMOCRACIA | |
| 650 | 4 | _aSOCIEDAD | |
| 650 | 4 | _aESTADO | |
| 650 | 4 | _aGOBIERNO | |
| 650 | 4 | _aDERECHO | |
| 650 | 4 | _aDICTADURA | |
| 700 | 1 |
_aFernández Santillán, José F _etraductor |
|
| 942 | _cBK | ||
| 998 | _cmariana | ||
| 999 |
_c3159 _d3159 |
||